Bất đẳng thức và một số phương pháp chứng minh

Các bất đẳng thức kinh điển. Một số phương pháp chứng minh bất đẳng thức

Na minha lista:
Detalhes bibliográficos
Autor principal: Nguyễn Thị Thu H
Outros Autores: Nguyễn Duy Thái Sơn TS. (Hướng dẫn)
Formato: Livro
Idioma:Vietnamese
Publicado em: Đà Nẵng Đại học Đà Nẵng 2015
Assuntos:
Tags: Adicionar Tag
Sem tags, seja o primeiro a adicionar uma tag!
Thư viện lưu trữ: Mạng thư viện Đại học Đà Nẵng
LEADER 01489nam a2200337 4500
001 000023316
003 19766
005 20151202081202.0
008 150917s2015 viesd
041 |a vie 
082 1 4 |a 512.97  |b NG-H 
100 1 |a Nguyễn Thị Thu Hà 
245 1 |a Bất đẳng thức và một số phương pháp chứng minh  |c Nguyễn Thị Thu Hà ; Nguyễn Duy Thái Sơn hướng dẫn.  |k Luận văn Thạc sĩ 
260 |a Đà Nẵng  |b Đại học Đà Nẵng  |c 2015 
300 |a 112 tr., phụ lục 3 tr.  |c 29 cm.  |e Tóm tắt 
500 |a Luận văn thạc sĩ Khoa học. Chuyên ngành: Phương pháp toán sơ cấp. Mã số: 60.46.01.13 
520 3 |a Các bất đẳng thức kinh điển. Một số phương pháp chứng minh bất đẳng thức 
650 0 4 |a Bất đẳng thức (toán học)  |x Phương pháp chứng minh 
653 |a Bất đẳng thức 
653 |a Phương pháp toán sơ cấp 
700 1 |a Nguyễn Duy Thái Sơn  |c TS.  |e Hướng dẫn 
OWN |a LSP 
AVA |a UDN50  |b LSP  |d 512.97 NG-H  |e available  |t Error 5001 Not defined in file expand_doc_bib_avail.  |f 1  |g 0  |h N  |i 0  |k 1 
999 |a From the UDN01 
AVA |a UDN50  |b LSP  |d 512.97 NG-H  |e available  |t Error 5001 Not defined in file expand_doc_bib_avail.  |f 1  |g 0  |h N  |i 0  |k 1 
TYP |a Monograph 
TYP |a Printed language 
980 |a Mạng thư viện Đại học Đà Nẵng